Statistics for AC Milan vs Juventus Turin 2003

Click here to take the quiz!

General Stats

  • This quiz has been taken 355 times
  • The average score is 18 of 30

Answer Stats

HintAnswer% Correct
DEFMaldini
96%
GKBuffon
95%
GKDida
95%
DEFNesta
91%
MDPirlo
90%
FWInzaghi
88%
FWShevchenko
86%
MDGattuso
85%
MDSeedorf
83%
FWTrezeguet
79%
CAncelotti
74%
DEFThuram
62%
MDRui Costa
59%
CLippi
58%
DEFCostacurta
56%
MDZambrotta
55%
SBAmbrosini
54%
DEFKaladze
53%
MDDavids
51%
SBSerginho
50%
SBConte
46%
MDCamoranesi
45%
DEFMontero
42%
DEFFerrara
35%
MDTacchinardi
32%
SBBirindelli
30%
DEFTudor
28%
SBZalayeta
27%
SBRoque Junior
19%
FWDel Pierro
14%

Score Distribution

Percentile by Number Answered

Percent of People with Each Score

Your Score History

You have not taken this quiz